| 000 | 00619nam a22001937a 4500 | ||
|---|---|---|---|
| 999 |
_c9362 _d9362 |
||
| 008 | 210408b ||||| |||| 00| 0 eng d | ||
| 040 | _aBMS College of Architecture | ||
| 100 | _aG, Jayanandini | ||
| 245 | _aRe- Imagining the urban core - A case thrissur Kerala | ||
| 300 | _a82p. | ||
| 500 | _a1BM15AHD06 | ||
| 502 |
_8M,Arch (Habitat Design) _NBMS College of Architecture, Visvesvaraya Technological University _aDissertation _d2017 |
||
| 650 | _aUrban | ||
| 650 | _aKerala | ||
| 700 |
_aMamata P Raj _eGuide |
||
| 700 |
_aSadashiv Chakravarthy _eGuide |
||
| 700 |
_aRachana Suraj _eGuide |
||
| 942 |
_2ddc _cPGTHE |
||